000 00909nam a22002177a 4500
999 _c9310
_d9310
003 AR-CdUCM
008 190327b ||||| |||| 00| 0 spa d
040 _aMUNICIPALIDAD PROVINCIAL DEL CUSCO
_cBIBLIOTECA MUNICIPAL DEL CUSCO
082 _a869.541 /
_bM41R / 1950
100 _aRada y Gamio, Pedro José
_925425
245 _aMariano Melgar y apuntes para la historia de Arequipa :
_bobra póstuma /
260 _aLima :
_bImprenta casa nacional de la moneda,
_c1950.
300 _a362 páginas ;
_c25 cm.
505 _aContenido: Prefacio atmosférico -- Cosmograma colonial -- En el campo, títeres y letras -- Las mocedades del poeta -- La genealogía del poeta ...
650 _aPoetas peruanos
_91611
650 _aMariano Melgar - Biografía
_925426
650 _aEnsayos -- Siglo XX - Perú
_925427
650 _aLiteratura - Ensayos - Arequipa
_925428
942 _2ddc
_cLIBROS
945 _alccs